000 00436nam a2200181Ia 4500
005 20240823060443.0
008 240823s9999||||xx |||||||||||||| ||und||
041 _aENGLISH
082 _A620.110287 N2
100 _aJain R K
245 0 _aMechanical and Industrial Measurements
250 _a9th
260 _c1992
_b"Khanna,Delhi"
500 _aTRANSFERED
650 _aMechanical
_bMechanical
942 _cBK
999 _c231166
_d231166